Carpa blanca /
El 2 de abril de 1997, un grupo de docentes inició un ayuno al amparo de una carpa blanca montada frente al Congreso nacional. Reclamaban mejoras salariales y mayor presupuesto educativo. La original forma de protesta, que los propios docentes suponían duraría unas pocas semanas, se extendió hasta e...
Guardado en:
| Autor Principal: | |
|---|---|
| Autor Corporativo: | |
| Formato: | |
| Publicado: |
Argentina,
2013
|
| Series: | Fotos. Retrato de un país
|
| Materias: | |
| Etiquetas: |
Agregar Etiqueta
Sin Etiquetas, Sea el primero en etiquetar este registro!
|
| LEADER | 01919ngm a22003495g 4500 | ||
|---|---|---|---|
| 001 | CEM.cems023924 | ||
| 008 | 130507s2013##################0###0#####d | ||
| 005 | 20250716155051.0 | ||
| 245 | 1 | 0 | |a Carpa blanca / |c Nicolás Avruj, Fernando Zuber y Diego Lerman. |
| 260 | |a Argentina, |c 2013 | ||
| 300 | |a 28'. | ||
| 490 | 0 | |a Fotos. Retrato de un país | |
| 520 | |a El 2 de abril de 1997, un grupo de docentes inició un ayuno al amparo de una carpa blanca montada frente al Congreso nacional. Reclamaban mejoras salariales y mayor presupuesto educativo. La original forma de protesta, que los propios docentes suponían duraría unas pocas semanas, se extendió hasta el 30 de diciembre de 1999. Fue uno de los símbolos de la lucha contra el neoliberalismo del gobierno del presidente Carlos Menem. Este episodio pertenece a la serie "Fotos. Retrato de un país". -- Fotos emblemáticas del periodismo gráfico argentino de los últimos 35 años cuentan la historia de la Argentina reciente. La serie se sumerge en los archivos fotográficos y se acerca a los hechos desde imágenes que condensan simbólicamente mucho más que lo fotografiado. Se trata de una mirada que, además de detenerse en lo estético, se plantea un relato fotográfico de la historia. | ||
| 538 | |a Soporte: DVD - Formato: AVI - Resolución: 720 x 540 - Grabación DRD | ||
| 500 | |a Consultar en ventanilla. | ||
| 100 | 1 | |a Avruj, Nicolás. | |
| 710 | 2 | |a Canal Encuentro. | |
| 082 | 9 | 8 | |/ AVR-2 |
| 653 | |a HISTORIA | ||
| 653 | |a HISTORIA ARGENTINA | ||
| 653 | |a FOTOS | ||
| 653 | |a FOTOGRAFIA | ||
| 653 | |a FOTOGRAFIA ARGENTINA | ||
| 653 | |a EDUCACION | ||
| 653 | |a EDUCACION PUBLICA | ||
| 653 | |a MENEMISMO | ||
| 653 | |a MENEM | ||
| 653 | |a NEOLIBERALISMO | ||
| 653 | |a EDUCACION ARGENTINA | ||
| 653 | |a CARPA BLANCA | ||
| 653 | |a SERIE DE TELEVISIÓN | ||
| 859 | |a CEMS |b BIB. CEMS - Depto. Recursos Didacticos |h 982 |i AVR-2 |k DRD |p 2567.15 |t Ej.1 | ||
